000 00726cam a2200205 4500
001 WB3541-31
008 000000n1999 000 0 eng u
035 _a(Sirsi) u100694
245 _aPlanning and transport choice
260 _c1999
490 _aDETR News Release
_v(1006) 18 October 1999, (2)
520 _aThe draft revision of PPG 13 is published and aims to make developments which attract large numbers of people more accessible, using a wider range of means of transport.
590 _aWB
650 _aTRANSPORT POLICY
650 _aPLANNING POLICY GUIDANCE NOTE 13
650 _aTRANSPORT ASSESSMENTS
650 _aPLANNING POLICY GUIDANCE NOTE 13
690 _aPLANNING LAW AND PRACTICE
942 _n0
999 _c60216
_d60216